| 000 | 01768cad a22002295a 4500 | ||
|---|---|---|---|
| 001 | L140806 | ||
| 008 | 071012s2007 xxkd f s 000 0 eng d | ||
| 035 | _a(Sirsi) u140806 | ||
| 041 | 0 | _aeng | |
| 050 | 0 | 4 | _a336.21 $2 18 |
| 110 | 1 |
_aUnited Kingdom _bHM Treasury |
|
| 245 | 0 | 0 |
_aBusiness rate supplements _ba White Paper _h[electronic resource] |
| 260 |
_aLondon _bHM Treasury _c2007 |
||
| 490 | 0 |
_aCm _v7230 |
|
| 505 | 2 | _aExecutive Summary -- Empowering local authorities to promote economic development -- The Government's proposed approach to business rate supplements -- The economic impact of changes in business rates | |
| 520 | _aSets out the Government's proposal to introduce a power for local authorities and the Greater London Authority to raise and retain local supplements on the national business rate. Proposes a model for business rate supplements involving four levels of protection for business: revenue from supplements will only be available for spending on economic development ; a national upper limit of two pence in the pound on the level of supplements levied; properties liable for business rates with a rateable value of £50 000 or less will be exempted from paying supplements; where the supplement will support more than a third of the total cost of the project, there will also be a full "double-lock" ballot of businesses affected. Only the highest tier local authority in any area will be entitled to levy supplements. | ||
| 590 | _aKA NTK | ||
| 651 | 4 |
_aUnited Kingdom _y |
|
| 690 | _aPROPERTY-COMMERCIAL PROPERTY-COMMERCIAL PROPERTY TAXATION-BUSINESS RATES | ||
| 856 | 4 | 0 |
_uhttps://www.hm-treasury.gov.uk/pbr_csr/documents/pbr_csr07_businessrate.cfm _zView this item free of charge at www.hm-treasury.gov.uk... |
| 942 | _n0 | ||
| 999 |
_c107540 _d107540 |
||